| 000 | 00606nam a2200181 a 4500 | ||
|---|---|---|---|
| 001 | 000028456 | ||
| 005 | 20200930054944.0 | ||
| 008 | 110408s1990 dr 000 0 spa d | ||
| 040 |
_aDO-SdBNP _bspa _cBNPHU |
||
| 082 |
_axxx _bT465c |
||
| 100 | 1 |
_aThomen, Anthonio _d1933- _955416 |
|
| 245 | 1 | 0 |
_aCrisis alcohol y proceres / _cAnthonio Thomen. |
| 260 |
_aSanto Domingo : _b[S. n.], _c1990. |
||
| 300 |
_a13 p. ; _c20 cm. |
||
| 500 | _aRecopilación de artículos publicado originalmente en los periódicos El Nacional, Nuevo Diario y Hoy | ||
| 500 | _aIncluye notas al pie de las páginas | ||
| 049 | _aBNPD | ||
| 999 |
_c27948 _d27948 |
||